Регионална библиотека "Любен Каравелов" - Русе

Щъркел шарен, дългокрак (Запис номер 143601)

MARC детайли
000 -Лидер
Контролно поле с фиксирана дължина 01746nam a2200349 c 4500
003 - Код на организацията, давaща контролен номер
Контролно поле BLK
005 - Дата и час на последна редакция
Контролно поле 20210203091804.0
008 - Елементи от данни с фиксирана дължина
fixed length control field 180409b bul|||||r ||||||| ||bul||
010 ## - Наследен системен номер
LC control number KNG00149735000
040 ## - Източник на каталожния запис
Идентификатор на билиотеката - собственик на записа BLK
041 ## - Код за език
Код за езика на текст/звукозапис или на отделно заглавие Български
Код за езика КДБФ Български
080 ## - УДК
Текстов определител УДК Българска литература
УДК код - определител по УДК 821.163.2
УДК определител -93-1
УДК - код + определител 821.163.2-93-1
100 1# - Редна дума - Автор
Автор Чичо Стоян
Авторска отговорност първи автор
Автор - информация (биография) Попов, Стоян Михайлов
R(LIN) 376387
139 ## - Редно поле
Редна дума Попов, Стоян Михайлов
Авторски знак Попов - П 76
245 10 - Сведения за заглавието
Заглавие Щъркел шарен, дългокрак
Подзаглавни данни Избрани стихотворения с 40 ил. : За предучилищна възраст
Редно поле (дума) Чичо Стоян; худож. Мана Парпулова; състав. и предг. от Тодор Янчев; * Стоян Михайлов Попов.
257 ## - Страна на издаване
Страна на създаване/издаване България
260 ## - Област на издателските данни
Име на издателя, разпространителя и проч. Бълг. художник
Година на издаване 1984
Място на издаване, разпространение и проч. София
300 ## - Физическа характеристика
Страници 80 с.
Илюстрации и др. с цв. ил.
Размери/Мащаб 28 см
380 ## - Жанр
Жанр Детска худож. лит.
490 ## - СЕРИИ (Колекции)
Име на серия Библиотека Слънчеви извори
500 ## - Общи забележки
Забележка Истинското име на авт. е Стоян Михайлов Попов. - 80 120 тир.
653 ## - Ключова дума – ненормативна
Ключова дума литература за деца
653 ## - Ключова дума – ненормативна
Ключова дума детска литература
700 1# - Други автори (авторска отговорност)
Лично име Парпулова, Мана
Автороска отговорност (Описва отношението между автора и произведението) худож.
9 (RLIN) 376686
700 1# - Други автори (авторска отговорност)
Лично име Янчев, Тодор
Автороска отговорност (Описва отношението между автора и произведението) състав. и предг. от
Друга информация Калчев, Тодор Янчев
9 (RLIN) 368585
700 1# - Други автори (авторска отговорност)
Лично име Попов, Стоян Михайлов
Автороска отговорност (Описва отношението между автора и произведението) *
9 (RLIN) 372942
852 ## - Местоположение
Форматна сигнатура Цб ІІ 18654
856 4# - Електронен адрес и достъп
Електронен формат pdf - файл
856 4# - Електронен адрес и достъп
Електронен формат pdf - файл
999 ## - СИСТЕМНИ КОНТРОЛНИ НОМЕРА
Koha biblionumber 143601
Koha biblioitemnumber 143601
942 ## - АРТИКУЛИ
Вид на библиотечния материал Книги
Скрит в OPAC Не
Периодичен библиозапис Да
944 ## - СЪЗДАВАНЕ И РЕДАКЦИЯ на ЗАПИСА
Създаване/Редакция Създаване
Дата на регистрацията/редакция 21.08.2013
Статус, дата на статуса 21.08.2013 - от С1,Р / 21.08.2013
Служител, извършил регистрацията/редакцията Петя_Минчева
944 ## - СЪЗДАВАНЕ И РЕДАКЦИЯ на ЗАПИСА
Създаване/Редакция Редакция
Дата на регистрацията/редакция 13.09.2017
Статус, дата на статуса 21.08.2013 - от С1,Р / 21.08.2013
Служител, извършил регистрацията/редакцията Севдалина_Василева
999 ## - СИСТЕМНИ КОНТРОЛНИ НОМЕРА
Koha biblioitemnumber 143601
Наличности
Код за отписване Код за изгубен артикул Източник на класификационната схема Код за повреда Коз за рестрикции Код за отдаване Артикулен № Име на библиотеката - собственик Име на библиотеката, в която се намира в момента Статус (Текущо местоположение) Дата на вписване в системата Местоположение - отдел Цена в лева Инвентарен номер Систематично азбучна сигнатура Баркод Номер на екземпляра Цена в евро Служебна бележка Служебен тип на артикула Бележка за публиката
  Не е изгубен Universal Decimal Classification Не е повреден без рестрикции ползва се в читалня 238460 Регионална библиотека "Любен Каравелов" Русе Регионална библиотека "Любен Каравелов" Русе Хранилище 1984-01-01 Хранилище 1.99 413228 Цб ІІ 18654 120000413228 1 1.02 Вид: СФ N: стар фонд Дата: 01.01.1984 Книги  
Изтеглен Не е изгубен Universal Decimal Classification Не е повреден без рестрикции заемане за дома 238461 Регионална библиотека "Любен Каравелов" Русе Регионална библиотека "Любен Каравелов" Русе Детски отдел 1984-01-01 Детски отдел 1.99 413644 ДХ 886.7/П 76 413644 2 1.02 Вид: СФ N: стар фонд Дата: 01.01.1984 Дата инв: 09.09.2015 Бележки инв: Д2015 Книги  
Изтеглен Не е изгубен   Не е повреден без рестрикции заемане за дома 238462 Регионална библиотека "Любен Каравелов" Русе Регионална библиотека "Любен Каравелов" Русе   1984-01-01 Детски отдел 1.99 413645 ДХ 886.7/П 76 413645 3 1.02 Вид: СФ N: стар фонд Дата: 01.01.1984 Дата инв: 09.09.2015 Бележки инв: Д2015 Книги Отч.N: 28/2017 , Дата: 16.08.2017
Изтеглен Не е изгубен   Не е повреден без рестрикции заемане за дома 238463 Регионална библиотека "Любен Каравелов" Русе Регионална библиотека "Любен Каравелов" Русе   1984-01-01 Детски отдел 1.99 413646 ДХ 886.7/П 76 413646 4 1.02 Вид: СФ N: стар фонд Дата: 01.01.1984 Дата инв: 09.09.2015 Бележки инв: Д2015 Книги Отч.N: 28/2017 , Дата: 16.08.2017
Vip Innovations Ltd, Rousse, Bulgaria 2025